Arrowword #1 - Statistics

General Stats
  • This quiz has been taken 73 times
  • The average score is 34 of 93
Answers on the Map
Answers color-coded by a green-red scale on the quiz's map according to % correct below.
 
Answer Stats
LETTER % Correct
E
97%
I
97%
N
97%
N
97%
E
77%
E
77%
I
77%
L
77%
M
77%
I
73%
N
73%
O
73%
R
73%
A
72%
B
72%
E
72%
S
72%
S
72%
U
72%
A
66%
N
63%
O
63%
P
63%
R
63%
G
56%
N
56%
O
56%
S
56%
M
50%
U
48%
A
44%
R
39%
E
38%
R
36%
A
34%
L
34%
A
33%
P
33%
A
31%
E
30%
E
30%
M
30%
C
28%
I
28%
L
28%
P
28%
T
28%
U
28%
V
28%
E
27%
Y
27%
A
25%
C
25%
H
25%
O
25%
E
22%
E
22%
T
22%
E
20%
H
20%
N
20%
O
19%
R
19%
R
19%
B
17%
C
17%
D
16%
F
16%
P
16%
R
16%
S
16%
A
14%
E
14%
E
14%
L
14%
M
14%
N
14%
A
11%
A
11%
B
11%
B
11%
H
11%
L
11%
R
11%
C
9%
O
9%
P
9%
E
8%
C
6%
S
6%
J
5%
N
5%
U
5%
No matching quizzes found
Score Distribution
Percent of People with Each Score
Percentile by Number Answered
Your Score History
You have not taken this quiz